THE TELECOM REGULATION AUTHORITY OF INDIA (Record no. 29318)
[ view plain ]
| 000 -LEADER | |
|---|---|
| fixed length control field | 00215nam a2200085Ia 4500 |
| 008 - FIXED-LENGTH DATA ELEMENTS--GENERAL INFORMATION | |
| fixed length control field | 170620s9999 xx 000 0 und d |
| 100 ## - MAIN ENTRY--PERSONAL NAME | |
| Personal name | Universals |
| 245 #4 - TITLE STATEMENT | |
| Title | THE TELECOM REGULATION AUTHORITY OF INDIA |
| 260 ## - PUBLICATION, DISTRIBUTION, ETC. | |
| Name of publisher, distributor, etc. | Universal Law |
| 260 ## - PUBLICATION, DISTRIBUTION, ETC. | |
| Date of publication, distribution, etc. | 2008 |
| Withdrawn status | Lost status | Source of classification or shelving scheme | Damaged status | Not for loan | Home library | Current library | Date acquired | Source of acquisition | Barcode | Date last seen | Price effective from | Koha item type |
|---|---|---|---|---|---|---|---|---|---|---|---|---|
| IIMT University College of Law | IIMT University College of Law | 04/21/2008 | 94 | 04-B-2689 | 06/29/2017 | 06/29/2017 | Text-Book- for 7 days |

